Acteurs ayant interprété le même personnage 2 - Statistiques

Statistiques générales
  • Ce quiz a été pris 131 fois
  • Le résultat moyen est 7 sur 20
Statistiques - réponses
ACTEURS PERSONNAGES % Correct
Gérard Depardieu / Gilles Lellouche Obélix
79%
Lynda Carter / Gal Gadot Wonder Woman
67%
Robert Downey Jr. / Jeremy Brett / Ian McKellen / Benedict Cumberbatch / Johnny Lee Miller / Christopher Lee Sherlock Holmes
61%
Michelle Pfeiffer / Halle Berry / Anne Hathaway Catwoman
59%
Richard Harris / Clive Owen / Sean Harris / Sean Connery / Alexandre Astier Le roi Arthur
50%
River Phoenix / Harrison Ford Indiana Jones
46%
Taron Edgerton / Elton John Elton John
41%
David Suchet / Peter Ustinov / Albert Finney / Kenneth Branagh Hercule Poirot
30%
Morgan Freeman / Will Ferrell / Whoopi Goldberg Dieu
29%
Linda Hamilton / Lena Headey / Emilia Clarke Sarah Connor
26%
Jean-Paul Belmondo / Jean Marais / Gene Kelly / Gérard Depardieu / François Civil D'Artagnan
25%
Gene Wilder / Johnny Deep Willy Wonka
25%
Milla Jovovitch / Clémence Poésy / Ingrid Bergman / Renée Falconetti Jeanne d'Arc
24%
Jodie Whittaker / David Tennant / Matt Smith / Peter Capaldi / Christopher Eccleston / John Hurt Le Docteur
22%
Hugo Weaving / Robert Aramayo Elrond
21%
Alec Baldwin / Harrison Ford / Ben Affleck / Chris Pine / John Krasinski Jack Ryan
13%
Natalie Dormer / Natalie Portman / Claire Foy Anne Boleyn
12%
John Lithgow / Timothy Spall / Christian Slater / Gary Oldman Winston Churchill
12%
Gillian Anderson / Meryl Streep / Lindsay Duncan Margareth Thatcher
11%
Jenna Coleman / Judi Dench / Emily Blunt / Kathy Bates Reine Victoria
10%
Aucun quiz correspondant
Distribution des résultats
% des personnes avec chaque résultat
Percentile par nombre de réponses
Votre historique - résultats
Vous n’avez pas pris ce quiz